Loading...
| History - American | 0 | 8 | 0 | 0 | 80 | 39 | 76.88 | 6 | 8 | 0.00 | 0.00 |
| Literature - World | 0 | 6 | 1 | 1 | 55 | 88 | 119.83 | 2 | 6 | 0.00 | 0.00 |
| History - World | 0 | 6 | 2 | 1 | 50 | 63 | 83.83 | 5 | 6 | 0.00 | 0.00 |
| History - Other | 0 | 4 | 0 | 0 | 40 | 16 | 54.75 | 2 | 4 | 0.00 | 0.00 |
| Mythology | 0 | 3 | 0 | 1 | 30 | 87 | 113.33 | 0 | 3 | 0.00 | 0.00 |
| Literature - British | 0 | 3 | 0 | 1 | 30 | 117 | 138.67 | 0 | 3 | 0.00 | 0.00 |
| Other Academic | 0 | 2 | 0 | 0 | 20 | 76 | 78.50 | 2 | 2 | 0.00 | 0.00 |
| Pop Culture | 0 | 2 | 0 | 0 | 20 | 41 | 54.00 | 1 | 2 | 0.00 | 0.00 |
| Religion | 0 | 2 | 0 | 0 | 20 | 61 | 78.00 | 1 | 2 | 0.00 | 0.00 |
| Fine Arts - Other | 0 | 2 | 0 | 0 | 20 | 45 | 56.50 | 2 | 2 | 0.00 | 0.00 |
| History - European | 0 | 3 | 2 | 0 | 20 | 53 | 64.67 | 3 | 3 | 0.00 | 0.00 |
| Philosophy | 0 | 3 | 2 | 1 | 20 | 57 | 87.33 | 2 | 3 | 0.00 | 0.00 |
| Literature - American | 0 | 2 | 1 | 0 | 15 | 60 | 75.00 | 1 | 2 | 0.00 | 0.00 |
| Literature - European | 0 | 2 | 1 | 0 | 15 | 69 | 80.00 | 2 | 2 | 0.00 | 0.00 |
| Fine Arts - Classical Music | 0 | 1 | 0 | 1 | 10 | 142 | 142.00 | 0 | 1 | 0.00 | 0.00 |
| Fine Arts - Painting and Sculpture | 0 | 2 | 2 | 0 | 10 | 119 | 136.00 | 1 | 2 | 0.00 | 0.00 |
| Geography | 0 | 1 | 0 | 1 | 10 | 139 | 139.00 | 0 | 0 | 0.00 | 0.00 |
| Science - Biology | 0 | 1 | 0 | 0 | 10 | 100 | 100.00 | 1 | 1 | 0.00 | 0.00 |
| Social Science | 0 | 0 | 1 | 0 | -5 | 0.00 | 0 | 0 | 0.00 | 0.00 |